[Event "CAN-ch O1800"]
[Site "Toronto CAN"]
[Date "2025.04.20"]
[Round "5.16"]
[White "Yin, Zeming"]
[Black "Syed, Farhaan"]
[Result "1-0"]
[WhiteElo "1993"]
[BlackElo "1789"]
[WhiteFideId "-1"]
[WhiteFideId "-1"]
[PlyCount "71"]
[GameId "2184265573838865"]
[EventDate "2025.04.18"]
[EventType "swiss"]
[EventRounds "9"]
[EventCountry "CAN"]

1. e4 c6 2. Nf3 d5 3. Nc3 Bg4 4. h3 Bh5 5. exd5 cxd5 6. Bb5+ Nc6 7. g4 Bg6 8. Ne5 Qc7 9. d4 e6 10. h4 f6 11. Nxg6 hxg6 12. Qe2 Qd7 13. Be3 Bb4 14. Qd3 Bxc3+ 15. Qxc3 Nge7 16. O-O-O a6 17. Be2 b5 18. h5 g5 19. f4 gxf4 20. Bxf4 Rc8 21. Qg3 Nb4 22. Bd3 Nxd3+ 23. Qxd3 Qc6 24. Rde1 Kd7 25. Qe2 g6 26. h6 g5 27. Bg3 Rh7 28. Ref1 f5 29. Be5 fxg4 30. Qd3 Nf5 31. Rxf5 g3 32. Rxg5 Rf7 33. Rxg3 Rf2 34. Rg7+ Ke8 35. Rg8+ Kd7 36. Qh7+ 1-0

[Event "CAN-ch O1800"]
[Site "Toronto CAN"]
[Date "2025.04.20"]
[Round "5.17"]
[White "Nguyen, Minh Thong"]
[Black "Cheung, Oscar"]
[Result "1-0"]
[WhiteElo "1949"]
[BlackElo "1792"]
[WhiteFideId "-1"]
[WhiteFideId "-1"]
[PlyCount "72"]
[GameId "2184265573838866"]
[EventDate "2025.04.18"]
[EventType "swiss"]
[EventRounds "9"]
[EventCountry "CAN"]

1. Nf3 d5 2. g3 Nf6 3. Bg2 Bf5 4. O-O e6 5. c4 c6 6. d4 Bd6 7. Qb3 b6 8. c5 Bc7 9. Bg5 h6 10. Bxf6 Qxf6 11. Rc1 O-O 12. a4 Nd7 13. cxb6 Bxb6 14. e3 Rab8 15. Qa3 e5 16. a5 Bc7 17. Nbd2 Rb5 18. Nb3 Rfb8 19. dxe5 Nxe5 20. Nfd4 Bd6 21. Qa2 Rb4 22. Rc3 c5 23. Nxc5 Bxc5 24. Rxc5 Rxb2 25. Qxd5 Be6 26. Nxe6 Qxf2+ 27. Kh1 Nd3 28. Rf1 Qxe3 29. Rxf7 Rb1+ 30. Bf1 Kh8 31. Nd8 Qxc5 32. Qxd3 R1b3 33. Qd7 Re3 34. Rxg7 Qc2 35. Rg4 Qc3 36. Nf7+ Kh7 1-0

[Event "CAN-ch O1800"]
[Site "Toronto CAN"]
[Date "2025.04.20"]
[Round "5.18"]
[White "Li, Aiden"]
[Black "Huang, Justin"]
[Result "0-1"]
[WhiteElo "1743"]
[BlackElo "1925"]
[WhiteFideId "-1"]
[WhiteFideId "-1"]
[PlyCount "116"]
[GameId "2184265573838867"]
[EventDate "2025.04.18"]
[EventType "swiss"]
[EventRounds "9"]
[EventCountry "CAN"]

1. c4 Nf6 2. Nf3 e6 3. g3 d5 4. Bg2 Be7 5. O-O O-O 6. b3 c6 7. Qc2 b6 8. Bb2 Bb7 9. Rd1 Nbd7 10. d4 Rc8 11. Nbd2 c5 12. Qd3 cxd4 13. Bxd4 Bc5 14. Rac1 Qe7 15. Qb1 Rfd8 16. e3 h6 17. Qa1 Bxd4 18. Nxd4 Nc5 19. Qb1 dxc4 20. Nxc4 Bxg2 21. Kxg2 Qb7+ 22. Kg1 Nce4 23. Rc2 Rd5 24. Rdc1 Rdc5 25. f3 b5 26. Na5 Qb6 27. Rxc5 Rxc5 28. b4 Rxc1+ 29. Qxc1 Nd6 30. Kf2 e5 31. Ndc6 e4 32. Qc5 exf3 33. Kxf3 Qxc5 34. bxc5 Nc8 35. Nb7 Kf8 36. Nd6 Nxd6 37. cxd6 a6 38. e4 Ke8 39. Ke3 Kd7 40. Ne5+ Kxd6 41. Nxf7+ Ke6 42. Nd8+ Ke7 43. Nc6+ Kd6 44. Nb8 a5 45. Kd4 Ng4 46. h3 Ne5 47. Na6 Nd7 48. h4 h5 49. a3 g6 50. Ke3 Kc6 51. Kf4 Kb6 52. Nb4 axb4 53. axb4 Kc6 54. Kg5 Ne5 55. Kf6 Kd6 56. Kg7 Ke6 57. Kh6 Kf6 58. Kh7 Nc6 0-1

[Event "CAN-ch O1800"]
[Site "Toronto CAN"]
[Date "2025.04.20"]
[Round "5.19"]
[White "Wang, Jonathan"]
[Black "Ajanthan, Amuthab"]
[Result "1/2-1/2"]
[WhiteElo "1911"]
[BlackElo "1744"]
[WhiteFideId "-1"]
[WhiteFideId "-1"]
[PlyCount "132"]
[GameId "2184265573838868"]
[EventDate "2025.04.18"]
[EventType "swiss"]
[EventRounds "9"]
[EventCountry "CAN"]

1. e4 c5 2. Nf3 Nc6 3. Nc3 d6 4. d4 cxd4 5. Nxd4 e5 6. Nb3 Be7 7. Bc4 Nf6 8. O-O O-O 9. Be3 Be6 10. Qe2 Rc8 11. Bxe6 fxe6 12. Qb5 Qd7 13. Rad1 a6 14. Qd3 Rfd8 15. Bb6 Nb4 16. Qd2 Re8 17. a3 Nc6 18. Nc5 dxc5 19. Qxd7 Nxd7 20. Rxd7 Nd4 21. Na4 Nxc2 22. Rc1 Nd4 23. Kf1 Bd8 24. Rxb7 Bxb6 25. Rxb6 c4 26. Rxa6 Nb3 27. Rc3 Nd2+ 28. Ke2 Nxe4 29. Re3 Nc5 30. Nxc5 Rxc5 31. Kd2 Rb8 32. Kc1 Rcb5 33. Re2 Kf7 34. Ra7+ Kf6 35. Rc7 Rd5 36. Rxc4 Rd4 37. Re4 Rbd8 38. Rexd4 exd4 39. b4 Ke5 40. b5 Kd5 41. Rb4 e5 42. b6 Rb8 43. b7 Kc6 44. Kd2 g5 45. Rc4+ Kd6 46. Rc2 Rxb7 47. a4 Kd5 48. f3 Ra7 49. Ra2 Ra5 50. Kd3 h5 51. Ra1 Kc5 52. g3 Kb4 53. h4 gxh4 54. gxh4 Rxa4 55. Rxa4+ Kxa4 56. f4 exf4 57. Kxd4 f3 58. Ke3 f2 59. Kxf2 Kb4 60. Kg3 Kc4 61. Kf4 Kd4 62. Kg5 Ke5 63. Kxh5 Kf5 64. Kh6 Kf6 65. Kh7 Kf7 66. h5 Kf8 1/2-1/2

[Event "CAN-ch O1800"]
[Site "Toronto CAN"]
[Date "2025.04.20"]
[Round "5.20"]
[White "Gao, Yiguo"]
[Black "Huang, Eric"]
[Result "1-0"]
[WhiteElo "1708"]
[BlackElo "1893"]
[WhiteFideId "-1"]
[WhiteFideId "-1"]
[PlyCount "115"]
[GameId "2184265573855254"]
[EventDate "2025.04.18"]
[EventType "swiss"]
[EventRounds "9"]
[EventCountry "CAN"]

1. e4 e6 2. Nf3 d5 3. Nc3 Nf6 4. e5 Nfd7 5. d4 Be7 6. h4 c5 7. Bf4 cxd4 8. Nxd4 Nc6 9. Nxc6 bxc6 10. Qg4 Bf8 11. Bd3 Nc5 12. Be2 Qb6 13. Rb1 d4 14. Nd1 Ne4 15. O-O f5 16. exf6 Nxf6 17. Qg5 Qc5 18. c3 Qxg5 19. Bxg5 e5 20. Re1 Bf5 21. Bf3 Kd7 22. Rc1 dxc3 23. Rxc3 e4 24. Bxf6 exf3 25. Rxf3 Bb4 26. Nc3 gxf6 27. Rxf5 Raf8 28. Re3 Bd6 29. Rh5 Rf7 30. Ne4 Be5 31. Rb3 Kc7 32. Nc5 Kd6 33. Nb7+ Kc7 34. Na5 Rd8 35. Rxe5 Rd1+ 36. Kh2 Kd6 37. Ree3 Rg7 38. Red3+ Rxd3 39. Rxd3+ Kc5 40. Rc3+ Kb6 41. Nxc6 Rg4 42. Kh3 Ra4 43. Ra3 Rxa3+ 44. bxa3 Kxc6 45. Kg4 Kd6 46. Kf5 Ke7 47. g4 Kf7 48. f4 Kg7 49. g5 fxg5 50. hxg5 Kf7 51. Ke5 Ke7 52. f5 Kf7 53. f6 Kf8 54. Ke6 Ke8 55. f7+ Kf8 56. Kf6 a5 57. a4 h6 58. g6 1-0

[Event "CAN-ch O1800"]
[Site "Toronto CAN"]
[Date "2025.04.20"]
[Round "5.21"]
[White "Wen, Justin"]
[Black "Mane, Arnav"]
[Result "1/2-1/2"]
[WhiteElo "1856"]
[BlackElo "1722"]
[WhiteFideId "-1"]
[WhiteFideId "-1"]
[PlyCount "91"]
[GameId "2184265573855255"]
[EventDate "2025.04.18"]
[EventType "swiss"]
[EventRounds "9"]
[EventCountry "CAN"]

1. d4 d5 2. Nc3 Nf6 3. Bf4 Bf5 4. f3 e6 5. g4 Bg6 6. h4 h5 7. g5 Nfd7 8. e3 Bd6 9. Nh3 Bf5 10. Bxd6 cxd6 11. Nf4 Qb6 12. Qd2 Nc6 13. Bd3 Bxd3 14. Qxd3 g6 15. O-O-O O-O-O 16. e4 dxe4 17. fxe4 Kb8 18. Nfe2 e5 19. Rhf1 exd4 20. Nxd4 Nce5 21. Qb5 a6 22. Qxb6 Nxb6 23. b3 Rd7 24. Nd5 Nxd5 25. exd5 Rc8 26. Kd2 Rc5 27. c4 b5 28. cxb5 axb5 29. Ke3 Kb7 30. Nf3 Rc3+ 31. Ke4 Ng4 32. Rd3 Re7+ 33. Kd4 Rxd3+ 34. Kxd3 Ne3 35. Re1 Nxd5 36. Rxe7+ Nxe7 37. Ke4 Kb6 38. Nd4 Kc5 39. a3 Nd5 40. Ne2 Nb6 41. Nd4 Nd7 42. Nf3 Nb6 43. Nd4 Nd5 44. Ne2 Ne7 45. Nd4 Nd5 46. Ne2 1/2-1/2

[Event "CAN-ch O1800"]
[Site "Toronto CAN"]
[Date "2025.04.20"]
[Round "5.22"]
[White "Ajith, Aarush"]
[Black "Wang, William"]
[Result "1-0"]
[WhiteElo "1970"]
[BlackElo "1713"]
[WhiteFideId "-1"]
[WhiteFideId "-1"]
[PlyCount "119"]
[GameId "2184265573855256"]
[EventDate "2025.04.18"]
[EventType "swiss"]
[EventRounds "9"]
[EventCountry "CAN"]

1. d4 Nf6 2. c4 e6 3. g3 g6 4. Bg2 Bg7 5. Nf3 b6 6. Nc3 Bb7 7. O-O d6 8. Re1 Nbd7 9. e4 e5 10. d5 O-O 11. Qe2 Qe7 12. b4 c6 13. h3 cxd5 14. cxd5 a5 15. bxa5 Rxa5 16. Be3 Rc8 17. Qb2 Raa8 18. Nd2 Ba6 19. Nb5 Nc5 20. Bxc5 Rxc5 21. Bf1 Qd7 22. a4 Rac8 23. Qb4 Bh6 24. Nc4 Rb8 25. Nbxd6 Bf8 26. Qb2 Bxd6 27. Nxe5 Bxe5 28. Qxe5 Bxf1 29. Qxb8+ Rc8 30. Qf4 Nh5 31. Qe3 Bxh3 32. Qxb6 Nf4 33. Qf6 Nxd5 34. Qd4 Nc3 35. Qxd7 Bxd7 36. a5 Bc6 37. f3 Ba8 38. Kf2 Rb8 39. Rec1 Rb2+ 40. Ke3 Rb3 41. Kd2 Nxe4+ 42. fxe4 Bxe4 43. Rc3 Rb2+ 44. Ke3 f5 45. a6 Rb8 46. a7 Re8 47. Kf2 Bd5 48. Rc5 Be4 49. Rb5 Kf7 50. Rb8 Re7 51. a8=Q Bxa8 52. Rbxa8 Kf6 53. R8a7 Re4 54. Rxh7 f4 55. Kf3 Rb4 56. gxf4 Rb3+ 57. Kg4 Rb6 58. Rha7 Rb4 59. R1a6+ Rb6 60. Rxb6# 1-0

[Event "CAN-ch O1800"]
[Site "Toronto CAN"]
[Date "2025.04.20"]
[Round "5.23"]
[White "Zheng, Yanchen"]
[Black "Katz, Lyam"]
[Result "1-0"]
[WhiteElo "1988"]
[BlackElo "1850"]
[WhiteFideId "-1"]
[WhiteFideId "-1"]
[PlyCount "89"]
[GameId "2184265573863449"]
[EventDate "2025.04.18"]
[EventType "swiss"]
[EventRounds "9"]
[EventCountry "CAN"]

1. e4 e5 2. Nf3 Nc6 3. Bc4 Nf6 4. d3 Bc5 5. c3 d6 6. b4 Bb6 7. a4 a5 8. b5 Ne7 9. Nbd2 Ng6 10. O-O Nf4 11. d4 Bg4 12. dxe5 N6h5 13. h3 Qd7 14. Qb3 Ng3 15. Re1 Nxg2 16. Bxf7+ Qxf7 17. Qxf7+ Kxf7 18. Kxg2 Bxf3+ 19. Kxf3 Nh5 20. exd6 Ke6 21. Kg2 Nf4+ 22. Kg3 Nd3 23. Re2 h5 24. Nc4 Bxf2+ 25. Rxf2 h4+ 26. Kg2 Nxf2 27. Kxf2 cxd6 28. Bb2 Rhf8+ 29. Ke3 Rf7 30. Rd1 Raf8 31. Rxd6+ Ke7 32. Rd5 Rf3+ 33. Kd4 Kf6 34. Ne5 Rxh3 35. Nd7+ Kf7 36. Rf5+ Ke8 37. Nxf8 Rh2 38. Ba3 Ra2 39. Bc5 Rxa4+ 40. Kd5 Ra1 41. Kd6 h3 42. Ne6 Rd1+ 43. Bd4 Rf1 44. Rxf1 h2 45. Rf8# 1-0

[Event "CAN-ch O1800"]
[Site "Toronto CAN"]
[Date "2025.04.20"]
[Round "5.24"]
[White "Wu, Ting En Ryan"]
[Black "Li, Allen"]
[Result "1-0"]
[WhiteElo "1968"]
[BlackElo "1830"]
[WhiteFideId "-1"]
[WhiteFideId "-1"]
[PlyCount "87"]
[GameId "2184265573863450"]
[EventDate "2025.04.18"]
[EventType "swiss"]
[EventRounds "9"]
[EventCountry "CAN"]

1. e4 c6 2. d4 d5 3. Nc3 dxe4 4. Nxe4 Nf6 5. Nxf6+ exf6 6. Bc4 Bd6 7. Qe2+ Qe7 8. Qxe7+ Bxe7 9. Ne2 O-O 10. Bf4 Bf5 11. Kd2 Nd7 12. Bd3 Bxd3 13. Kxd3 Nb6 14. c4 Rad8 15. b3 Rd7 16. Kc3 Bd6 17. Bxd6 Rxd6 18. Rhe1 Re8 19. Nf4 Rdd8 20. Nd3 Nd7 21. Rad1 Kf8 22. a4 b6 23. Nf4 Rxe1 24. Rxe1 c5 25. dxc5 Nxc5 26. Nd5 Re8 27. Rxe8+ Kxe8 28. f3 Kd7 29. Nf4 Ne6 30. Ne2 Kc6 31. b4 a5 32. f4 f5 33. g3 g6 34. Ng1 f6 35. Nf3 Kd6 36. bxa5 bxa5 37. Nd4 Nxd4 38. Kxd4 g5 39. c5+ Kc6 40. Kc4 g4 41. Kd4 Kc7 42. Kd5 Kd7 43. c6+ Kc7 44. Kc5 1-0

[Event "CAN-ch O1800"]
[Site "Toronto CAN"]
[Date "2025.04.20"]
[Round "5.25"]
[White "Mullur, Neerav"]
[Black "Kong, Brian"]
[Result "1-0"]
[WhiteElo "1894"]
[BlackElo "1794"]
[WhiteFideId "-1"]
[WhiteFideId "-1"]
[PlyCount "115"]
[GameId "2184265573871643"]
[EventDate "2025.04.18"]
[EventType "swiss"]
[EventRounds "9"]
[EventCountry "CAN"]

1. e4 e5 2. Nf3 Nc6 3. Bc4 Nf6 4. d4 exd4 5. O-O d6 6. Nxd4 Nxd4 7. Qxd4 Be7 8. Nc3 O-O 9. Bf4 Be6 10. Bxe6 fxe6 11. Qc4 Qd7 12. Rad1 Kh8 13. e5 Nd5 14. Nxd5 exd5 15. Rxd5 c6 16. Rd4 d5 17. Bg3 Rad8 18. Qd3 c5 19. Rf4 Rxf4 20. Bxf4 b6 21. Re1 c4 22. Qd2 Qe6 23. Bg5 Re8 24. Bxe7 Rxe7 25. Qd4 g6 26. f4 Kg8 27. Rd1 Rd7 28. a4 Qc6 29. Re1 Qe6 30. Re3 Kf7 31. h3 Ke7 32. b3 a5 33. Rc3 Rc7 34. g4 Qc6 35. f5 gxf5 36. gxf5 Qc5 37. Qxc5+ Rxc5 38. bxc4 d4 39. f6+ Ke6 40. Rf3 Kf7 41. Rf5 Rc7 42. Kf2 Ke6 43. Rh5 Rxc4 44. Ke2 Rxc2+ 45. Kd3 Rc7 46. Kxd4 b5 47. axb5 a4 48. Rh6 Rf7 49. Rh5 a3 50. Kc3 a2 51. Kb2 a1=Q+ 52. Kxa1 Rb7 53. Kb2 Rxb5+ 54. Kc3 Rd5 55. Kc4 Rd7 56. Rg5 Rd5 57. f7 Rd8 58. Rg8 1-0

[Event "CAN-ch O1800"]
[Site "Toronto CAN"]
[Date "2025.04.20"]
[Round "5.26"]
[White "Desai, Kahan"]
[Black "Moran-Venegas, Mario"]
[Result "1-0"]
[WhiteElo "1869"]
[BlackElo "1729"]
[WhiteFideId "-1"]
[WhiteFideId "-1"]
[PlyCount "109"]
[GameId "2184265573871644"]
[EventDate "2025.04.18"]
[EventType "swiss"]
[EventRounds "9"]
[EventCountry "CAN"]

1. e4 c5 2. Nf3 d6 3. g3 Nc6 4. Bg2 g6 5. O-O Bg7 6. c3 Nf6 7. Re1 O-O 8. d4 cxd4 9. cxd4 Qb6 10. d5 Nb8 11. Nc3 Nbd7 12. Qc2 Ng4 13. h3 Nge5 14. Be3 Nxf3+ 15. Bxf3 Qa5 16. Kg2 Ne5 17. Be2 f5 18. f4 Nf7 19. Rad1 fxe4 20. g4 Bd7 21. Qxe4 Rae8 22. b4 Qd8 23. Bd4 e5 24. dxe6 Rxe6 25. Qxb7 Bxd4 26. Rxd4 Rfe8 27. Re4 Rxe4 28. Nxe4 Bc8 29. Qc6 Bd7 30. Qxd7 Rxe4 31. Qxd8+ Nxd8 32. a3 Rxf4 33. Bf3 Kf8 34. Kg3 Rd4 35. Rd1 Rxd1 36. Bxd1 g5 37. Kf3 Ke7 38. Bc2 h6 39. Ke4 Ne6 40. Bb3 Nf4 41. h4 d5+ 42. Kf5 d4 43. hxg5 hxg5 44. Kxg5 Ne6+ 45. Bxe6 Kxe6 46. Kf4 Kd5 47. g5 d3 48. Ke3 Kc4 49. Kd2 Kd5 50. Kxd3 Ke5 51. Kc4 Kf5 52. Kb5 Kxg5 53. Ka6 Kf6 54. Kxa7 Ke6 55. b5 1-0

[Event "CAN-ch O1800"]
[Site "Toronto CAN"]
[Date "2025.04.20"]
[Round "5.27"]
[White "Sekaran, Adithya"]
[Black "Dembla, Shabd"]
[Result "0-1"]
[WhiteElo "1720"]
[BlackElo "1909"]
[WhiteFideId "-1"]
[WhiteFideId "-1"]
[PlyCount "95"]
[GameId "2184265573871645"]
[EventDate "2025.04.18"]
[EventType "swiss"]
[EventRounds "9"]
[EventCountry "CAN"]

1. e4 c6 2. Nc3 d5 3. Nf3 dxe4 4. Nxe4 Nf6 5. Qe2 Nxe4 6. Qxe4 Nd7 7. Bc4 Nf6 8. Ne5 e6 9. Qe2 b5 10. Bb3 Qc7 11. O-O Bd6 12. d4 O-O 13. c3 a5 14. Re1 Ba6 15. Bg5 Nd5 16. Bxd5 exd5 17. Nf3 b4 18. Qc2 bxc3 19. bxc3 f6 20. Bd2 Qd7 21. Rab1 a4 22. Nh4 Bc4 23. Nf3 a3 24. Be3 Qc7 25. h3 Bb5 26. Bc1 Rfe8 27. Be3 Reb8 28. Nd2 Ba4 29. Qc1 Rxb1 30. Nxb1 Qe7 31. c4 dxc4 32. Qxc4+ Qf7 33. Qe2 Bb5 34. Qc2 Bc4 35. Bc1 Bxa2 36. Re3 Bxb1 37. Qxb1 a2 38. Qa1 Qc4 39. Bb2 Rb8 40. Re1 Qb3 41. Re2 Ba3 42. Bc3 Bd6 43. g3 Ra8 44. Re1 Ra4 45. Rc1 Ba3 46. Re1 Rc4 47. Re3 Rxc3 48. Rxc3 0-1

[Event "CAN-ch O1800"]
[Site "Toronto CAN"]
[Date "2025.04.20"]
[Round "5.28"]
[White "Cholakis, Max"]
[Black "Fradkin, Benjamin"]
[Result "1-0"]
[WhiteElo "1829"]
[BlackElo "1939"]
[WhiteFideId "-1"]
[WhiteFideId "-1"]
[PlyCount "111"]
[GameId "2184265573871646"]
[EventDate "2025.04.18"]
[EventType "swiss"]
[EventRounds "9"]
[EventCountry "CAN"]

1. e4 c6 2. Nc3 d5 3. Nf3 Bg4 4. h3 Bxf3 5. Qxf3 e6 6. d3 Nd7 7. g3 Bd6 8. Bg2 Ngf6 9. O-O d4 10. Nb1 O-O 11. Qe2 e5 12. Nd2 b5 13. f4 exf4 14. gxf4 Re8 15. Qf3 Bc7 16. Nb3 Qe7 17. Nxd4 Ne5 18. fxe5 Qxe5 19. Ne2 Qh2+ 20. Kf2 Bb6+ 21. Be3 Bxe3+ 22. Qxe3 Qe5 23. Kg1 Qxb2 24. Qd2 Qe5 25. Rae1 Rad8 26. Qc3 Qe7 27. Rf5 b4 28. Qc5 Qe6 29. Nd4 Qd7 30. Nf3 Qe6 31. Qxa7 h6 32. Rf1 Rd7 33. Qa4 Nd5 34. Nd4 Nc3 35. Nxe6 Nxa4 36. Nf4 Rc7 37. Ne2 Ra8 38. e5 Nc5 39. d4 Ne6 40. d5 cxd5 41. Bxd5 Rd8 42. Bb3 Rd2 43. Rxf7 Rc6 44. Ng3 Rc3 45. Ne4 Rxb3 46. cxb3 Rd4 47. Nd6 Rd2 48. Re7 Ng5 49. h4 Nh3+ 50. Kh1 Nf2+ 51. Kg2 Ng4+ 52. Kg3 h5 53. Rff7 Nh6 54. Rxg7+ Kh8 55. Rh7+ Kg8 56. Rxh6 1-0

[Event "CAN-ch O1800"]
[Site "Toronto CAN"]
[Date "2025.04.20"]
[Round "5.29"]
[White "Bi, William"]
[Black "Lee, Matthew"]
[Result "0-1"]
[WhiteElo "1892"]
[BlackElo "1862"]
[WhiteFideId "-1"]
[WhiteFideId "-1"]
[PlyCount "120"]
[GameId "2184265573871647"]
[EventDate "2025.04.18"]
[EventType "swiss"]
[EventRounds "9"]
[EventCountry "CAN"]

1. e4 d5 2. exd5 Qxd5 3. Nc3 Qd6 4. Nf3 Nf6 5. Bc4 Bg4 6. d3 c6 7. h3 Bh5 8. g4 Bg6 9. Nh4 e6 10. Be3 Be7 11. Nxg6 hxg6 12. Qf3 Qc7 13. Bb3 Nbd7 14. d4 Nb6 15. Bf4 Bd6 16. Bxd6 Qxd6 17. O-O-O a5 18. a4 Nbd5 19. Nxd5 cxd5 20. Kb1 O-O 21. c4 dxc4 22. Bxc4 b6 23. h4 Rac8 24. Bb5 Qd5 25. Qxd5 Nxd5 26. Rc1 Rxc1+ 27. Rxc1 Nb4 28. Bc4 Rd8 29. Rd1 Kf8 30. b3 Ke7 31. Kb2 Rh8 32. Rh1 Kd6 33. Kc3 Nd5+ 34. Bxd5 Kxd5 35. Kd3 f5 36. g5 e5 37. dxe5 Kxe5 38. Re1+ Kf4 39. Re6 Rxh4 40. Rxg6 Rh7 41. Rxb6 Kxg5 42. Ke3 f4+ 43. Ke4 Rh2 44. Rb5+ Kh4 45. Kf3 g5 46. Rxa5 Rh3+ 47. Ke2 Rxb3 48. Rd5 f3+ 49. Kd2 g4 50. Rd7 Kh3 51. Rh7+ Kg2 52. Rg7 Rb4 53. a5 Kxf2 54. a6 Ra4 55. a7 g3 56. Kc3 g2 57. Kb3 Ra1 58. Kb2 Ra6 59. Kb3 g1=Q 60. Rd7 Qg8+ 0-1

[Event "CAN-ch O1800"]
[Site "Toronto CAN"]
[Date "2025.04.20"]
[Round "5.30"]
[White "Sethi, Aaron"]
[Black "Han, Ruochong"]
[Result "1-0"]
[WhiteElo "1874"]
[BlackElo "1702"]
[WhiteFideId "-1"]
[WhiteFideId "-1"]
[PlyCount "77"]
[GameId "2184265573871649"]
[EventDate "2025.04.18"]
[EventType "swiss"]
[EventRounds "9"]
[EventCountry "CAN"]

1. e4 d6 2. d4 Nf6 3. Nc3 g6 4. Be3 Bg7 5. Qd2 O-O 6. O-O-O Nbd7 7. f3 c6 8. h4 h5 9. e5 Nd5 10. Nxd5 cxd5 11. exd6 Nf6 12. dxe7 Qxe7 13. Bd3 Re8 14. Bg5 Be6 15. Ne2 Bf5 16. Rhe1 Qd7 17. c3 Bxd3 18. Qxd3 Qa4 19. Kb1 b5 20. Nf4 Red8 21. g4 hxg4 22. fxg4 Rd6 23. Bxf6 Rxf6 24. Nxd5 Rf2 25. Rd2 Rxd2 26. Qxd2 Qc4 27. Ne3 Qc6 28. Qg2 Qe8 29. h5 Rb8 30. hxg6 b4 31. Nc2 Qb5 32. gxf7+ Kxf7 33. Nxb4 Rd8 34. Qf1+ Qxf1 35. Rxf1+ Kg6 36. Rf5 Bf8 37. a3 Re8 38. Kc2 a5 39. Nc6 1-0

[Event "CAN-ch O1800"]
[Site "Toronto CAN"]
[Date "2025.04.20"]
[Round "5.31"]
[White "Aravinthan, Adhvik"]
[Black "Pan, Julian"]
[Result "0-1"]
[WhiteElo "1775"]
[BlackElo "1870"]
[WhiteFideId "-1"]
[WhiteFideId "-1"]
[PlyCount "116"]
[GameId "2184265573871650"]
[EventDate "2025.04.18"]
[EventType "swiss"]
[EventRounds "9"]
[EventCountry "CAN"]

1. e4 e5 2. Nf3 Nc6 3. Bc4 Nf6 4. Nc3 Nxe4 5. Bxf7+ Kxf7 6. Nxe4 d5 7. Neg5+ Kg8 8. d3 h6 9. Nh3 Bg4 10. c3 Qf6 11. Nhg1 Re8 12. h3 e4 13. hxg4 exf3+ 14. Kf1 fxg2+ 15. Kxg2 Bd6 16. g5 Qg6 17. Qh5 Qxh5 18. Rxh5 Re1 19. Nf3 Rd1 20. gxh6 Bf4 21. Rh1 Rxh1 22. Kxh1 Rxh6+ 23. Kg2 Rg6+ 24. Kf1 Bxc1 25. Rxc1 Rf6 26. Ke2 Kf7 27. Re1 Rf5 28. d4 g5 29. Rg1 Kf6 30. Ke3 Nd8 31. Ne5 Ne6 32. Rh1 Kg7 33. Nd3 b6 34. b4 Nf4 35. Nxf4 Rxf4 36. f3 Rf8 37. Rf1 Kg6 38. f4 g4 39. Kd3 Kf5 40. Re1 g3 41. Rg1 Kg4 42. Ke3 Rxf4 43. Rh1 Re4+ 44. Kd2 g2 45. Rg1 Kf3 46. Rc1 Kf2 47. Ra1 Re2+ 48. Kd3 Re1 49. Rxe1 Kxe1 50. Kc2 g1=Q 51. Kb3 Qf2 52. a3 b5 53. a4 bxa4+ 54. Kxa4 a6 55. Ka3 Kd1 56. Kb3 Kc1 57. Ka3 Qb2+ 58. Ka4 Qa2# 0-1

[Event "CAN-ch O1800"]
[Site "Toronto CAN"]
[Date "2025.04.20"]
[Round "5.32"]
[White "Kolndreu, Albion"]
[Black "Schyngera, Eli"]
[Result "0-1"]
[WhiteElo "1733"]
[BlackElo "1867"]
[WhiteFideId "-1"]
[WhiteFideId "-1"]
[PlyCount "64"]
[GameId "2184265573871651"]
[EventDate "2025.04.18"]
[EventType "swiss"]
[EventRounds "9"]
[EventCountry "CAN"]

1. e4 c5 2. Nf3 d6 3. Bc4 Nf6 4. Nc3 Nc6 5. d4 cxd4 6. Nxd4 e5 7. Nb3 h6 8. O-O Be7 9. Be3 Ng4 10. Qf3 O-O 11. h3 Nxe3 12. fxe3 Be6 13. Nd5 a6 14. c3 b5 15. Bd3 Bg5 16. a4 bxa4 17. Rxa4 Rb8 18. Ra3 a5 19. Bc2 Rc8 20. Rfa1 Nb4 21. cxb4 Bxd5 22. exd5 axb4 23. Ra4 Rxc2 24. Rxb4 Rxb2 25. Ra7 Rb1+ 26. Kh2 Re1 27. Rbb7 Bxe3 28. Ra1 Bf4+ 29. Qxf4 exf4 30. Rxe1 Qh4 31. Ree7 Qg3+ 32. Kg1 f3 0-1

[Event "CAN-ch O1800"]
[Site "Toronto CAN"]
[Date "2025.04.20"]
[Round "5.33"]
[White "Wall, Keenan"]
[Black "Lin, Ryder"]
[Result "0-1"]
[WhiteElo "1797"]
[BlackElo "1744"]
[WhiteFideId "-1"]
[WhiteFideId "-1"]
[PlyCount "49"]
[GameId "2184265573871652"]
[EventDate "2025.04.18"]
[EventType "swiss"]
[EventRounds "9"]
[EventCountry "CAN"]

1. e4 c5 2. Nf3 Nc6 3. d4 cxd4 4. Nxd4 g6 5. Nc3 Nf6 6. Nxc6 bxc6 7. e5 Nh5 8. Be2 Ng7 9. O-O Ne6 10. Be3 Bg7 11. f4 f5 12. exf6 Bxf6 13. Bd3 Ng7 14. f5 gxf5 15. Bxf5 d5 16. Bxc8 Rxc8 17. Qg4 O-O 18. Bh6 Rf7 19. Rf3 Qb6+ 20. Kh1 Rcf8 21. Raf1 Qxb2 22. Bxg7 Bxg7 23. Qe6 Bf6 24. Rg3+ Kh8 25. Rb1 0-1

[Event "CAN-ch O1800"]
[Site "Toronto CAN"]
[Date "2025.04.20"]
[Round "5.34"]
[White "Satish Alwar, Dharsan"]
[Black "Zhao, Shannon"]
[Result "1/2-1/2"]
[WhiteElo "1724"]
[BlackElo "1753"]
[WhiteFideId "-1"]
[WhiteFideId "-1"]
[PlyCount "62"]
[GameId "2184265573871653"]
[EventDate "2025.04.18"]
[EventType "swiss"]
[EventRounds "9"]
[EventCountry "CAN"]

1. d4 d5 2. Nf3 Nf6 3. e3 Bf5 4. Bd3 Bxd3 5. Qxd3 e6 6. Qb5+ Nbd7 7. Qxb7 Bd6 8. Qa6 O-O 9. O-O Ne4 10. Qd3 c5 11. c4 Ndf6 12. b3 Rb8 13. Nc3 a6 14. cxd5 exd5 15. dxc5 Nxc5 16. Qe2 Qe7 17. Bb2 Rfe8 18. Rfd1 Qb7 19. h3 h6 20. Rac1 Rbd8 21. Nd4 Ncd7 22. Nf3 Ne5 23. Nxe5 Bxe5 24. Na4 d4 25. Nc5 Qe7 26. Kf1 dxe3 27. Rxd8 Qxd8 28. Bxe5 Rxe5 29. fxe3 Nh5 30. Qc2 Rxe3 31. Re1 Qf6+ 1/2-1/2

[Event "CAN-ch O1800"]
[Site "Toronto CAN"]
[Date "2025.04.21"]
[Round "6.1"]
[White "Xu, Ryan"]
[Black "Hong, Zihan"]
[Result "1-0"]
[WhiteElo "2010"]
[BlackElo "1999"]
[WhiteFideId "-1"]
[WhiteFideId "-1"]
[PlyCount "119"]
[GameId "2186576132258397"]
[EventDate "2025.04.18"]
[EventType "swiss"]
[EventRounds "9"]
[EventCountry "CAN"]

1. d4 d5 2. c4 dxc4 3. Nf3 a6 4. a4 Nf6 5. e3 e6 6. Bxc4 c5 7. O-O Nc6 8. Nc3 Be7 9. b3 O-O 10. Bb2 cxd4 11. exd4 Nb4 12. Ne5 b6 13. Qe2 Bb7 14. Rad1 Nbd5 15. f4 Nxc3 16. Bxc3 Nd5 17. Bb2 Bd6 18. f5 Qe7 19. fxe6 fxe6 20. Rde1 Rxf1+ 21. Rxf1 Bxe5 22. Qxe5 Rf8 23. Re1 Re8 24. Bc1 Qf6 25. Qe4 Qe7 26. h4 Qd7 27. Bg5 b5 28. axb5 axb5 29. Bd3 Nf6 30. Qe5 Nd5 31. Bf5 Nc7 32. Bh3 Bd5 33. Re3 Na6 34. h5 Nb4 35. Rg3 Nc6 36. Qe3 Rf8 37. Qd3 Nd8 38. h6 g6 39. Bg4 Nf7 40. Bf4 Nd6 41. Bxd6 Qxd6 42. Bh5 Rf5 43. Bxg6 hxg6 44. Rxg6+ Kh7 45. Qxf5 exf5 46. Rxd6 Bxb3 47. Kf2 Bc4 48. Rb6 Kg8 49. Ke3 Kh7 50. Kf4 Bd5 51. Kxf5 Bxg2 52. Rxb5 Kxh6 53. Ke6 Kg6 54. d5 Bf1 55. Rb1 Bh3+ 56. Ke7 Kf5 57. d6 Ke5 58. d7 Bxd7 59. Kxd7 Kd4 60. Re1 1-0